header

How to start a business in New Jersey (Record no. 194206)

MARC details
000 -LEADER
fixed length control field 01734nam a2200373 a 4500
082 04 - DEWEY DECIMAL CLASSIFICATION NUMBER
Classification number 346.749/065
100 1# - MAIN ENTRY--AUTHOR NAME
Personal name Gibbons, F. Clifford.
245 10 - TITLE STATEMENT
Title How to start a business in New Jersey
250 ## - EDITION STATEMENT
Edition statement 1st ed.
260 ## - PUBLICATION, DISTRIBUTION, ETC. (IMPRINT)
Place of publication Naperville, Ill. :
Name of publisher Sphinx Pub.,
Year of publication 2004.
300 ## - PHYSICAL DESCRIPTION
Number of Pages xii, 206 p. :
Other physical details forms.
490 1# - SERIES STATEMENT
Series statement Sphinx legal
500 ## - GENERAL NOTE
General note Includes index.
505 0# - FORMATTED CONTENTS NOTE
Formatted contents note Business entities -- Partners and partnerships -- Corporate directors, officers, and committees -- Starting your New Jersey business -- Employment concerns -- Business records -- Tax requirements -- Financing -- Advertising -- Training and counseling tools -- Special problems confronting businesses -- Economically distressed corporations -- Hiring an attorney.
650 #0 - SUBJECT ADDED ENTRY--TOPICAL TERM
Topical Term New business enterprises
Topical Term Commercial law
700 1# - ADDED ENTRY--PERSONAL NAME
Personal name DeSimone, Rebecca A.,
856 40 - ELECTRONIC LOCATION AND ACCESS
Uniform Resource Identifier http://site.ebrary.com/lib/rucke/Doc?id=10096067

No items available.

© 2026 Rongo University
Contact us: librarian | system librarian | Rongo university